MARC

LEADER 00000nam0a2200000 4500
001 268881
005 20231101234215.0
020 |a RU  |b 86-84455 
035 |a (RuTPU)RU\TPU\book\292037 
090 |a 268881 
100 |a 20140910d1986 k y0rusy5003 ca 
101 0 |a rus 
102 |a RU 
105 |a a z 001zy 
200 1 |a Докембрийские образования Татарского свода  |e по материалам глубокого бурения  |f под ред. И. Н. Пенькова 
210 |a Казань  |c Изд-во Казанского ун-та  |d 1986 
215 |a 148 с.  |c ил.  |e [5] отд. л. табл. 
320 |a Библиогр.: с. 145-147 (32 назв.) 
606 1 |a Докембрийские отложения  |2 stltpush  |3 (RuTPU)RU\TPU\subj\9862  |9 37021 
610 1 |a Татарская АССР 
610 1 |a рифейские отложения 
610 1 |a петрофизические исследования 
610 1 |a литолого-геохимические исследования 
610 1 |a метаморфизм 
610 1 |a катагенез 
675 |a 551.71/.72  |z rus  |v 3 
702 1 |a Пеньков  |b И. Н.  |4 340 
801 0 |a RU  |b RuMRKP  |c 19950704  |g psbo 
801 1 |a RU  |b 63413507  |c 20140910 
801 2 |a RU  |b 63413507  |c 20170221  |g RCR 
942 |c BK